Beginning C++ through game programming / (Record no. 18880)

MARC details
000 -LEADER
fixed length control field 00890nam a22002775i 4500
001 - CONTROL NUMBER
control field 18126062
005 - DATE AND TIME OF LATEST TRANSACTION
control field 20150114153053.0
008 - FIXED-LENGTH DATA ELEMENTS--GENERAL INFORMATION
fixed length control field 140423t2015 xxuao fr 001 0 eng d
010 ## - LIBRARY OF CONGRESS CONTROL NUMBER
LC control number 2014939190
020 ## - INTERNATIONAL STANDARD BOOK NUMBER
International Standard Book Number 9781305109919 (softcover : alk. paper)
020 ## - INTERNATIONAL STANDARD BOOK NUMBER
International Standard Book Number 1305109910
040 ## - CATALOGING SOURCE
Original cataloging agency DLC
Language of cataloging eng
Transcribing agency DLC
Modifying agency EG-ScBUE
082 00 - DEWEY DECIMAL CLASSIFICATION NUMBER
Edition number 22
Classification number 005.133
Item number DAW
100 1# - MAIN ENTRY--PERSONAL NAME
Personal name Dawson, Michael
9 (RLIN) 36537
245 10 - TITLE STATEMENT
Title Beginning C++ through game programming /
Statement of responsibility, etc Michael Dawson.
250 ## - EDITION STATEMENT
Edition statement 4th ed.
260 ## - PUBLICATION, DISTRIBUTION, ETC. (IMPRINT)
Place of publication, distribution, etc Boston, United States :
Name of publisher, distributor, etc Cengage Learning PTR,
Date of publication, distribution, etc c.2015.
300 ## - PHYSICAL DESCRIPTION
Extent xxi, 390 p. :
Other physical details photographs, tables ;
Dimensions 23 cm.
490 0# - Series Statement
Series statement Game Development
500 ## - GENERAL NOTE
General note Index : p. 375-390.
650 #0 - SUBJECT ADDED ENTRY--TOPICAL TERM
9 (RLIN) 12480
Topical term or geographic name as entry element Computer games
General subdivision Programming
650 #0 - SUBJECT ADDED ENTRY--TOPICAL TERM
9 (RLIN) 3406
Topical term or geographic name as entry element C++ (Computer program language)
653 ## - INDEX TERM--UNCONTROLLED
Resource For college Informatics and Computer Science
Arrived date list January2015
655 ## - INDEX TERM--GENRE/FORM
Form subdivision
-- 34232
942 ## - ADDED ENTRY ELEMENTS (KOHA)
Source of classification or shelving scheme Dewey Decimal Classification
Call number prefix 005.133 DAW
Holdings
Withdrawn status Item status Source of classification or shelving scheme Damaged status Not for loan Vendor Home library Current library Shelving location Date acquired Source of acquisition Cost, normal purchase price Serial Enumeration / chronology Total Checkouts Total Renewals Full call number Barcode Date last seen Date last borrowed Cost, replacement price Koha item type
    Dewey Decimal Classification     Baccah Central Library Central Library Lower Floor 14/01/2015   320.00 21291 3 2 005.133 DAW 000037302 15/07/2025 28/10/2024 400.00 Book - Borrowing
    Dewey Decimal Classification     Baccah Central Library Central Library Lower Floor 14/01/2015   320.00 21291 4 31 005.133 DAW 000037303 15/07/2025 16/11/2023 400.00 Book - Borrowing